Zvyšovanie efektivity podnikových procesov vo vybranom podniku bakalárska práca

Gespeichert in:
Bibliographische Detailangaben
1. Verfasser: Opekarová, Lenka
Körperschaft: Podnikovohospodárska fakulta EU so sídlom v Košiciach. Katedra informačnej a jazykovej komunikácie
Weitere Verfasser: Tarča, Alexander
Format: Buch
Sprache:Slowakisch
Veröffentlicht: Košice 2020
Tags: Tag hinzufügen
Keine Tags, Fügen Sie das erste Tag hinzu!

MARC

LEADER 00000nbm a2200000 4500
001 0274939
005 20220405084619.6
041 0 |a slo 
044 |a SK 
245 1 0 |a Zvyšovanie efektivity podnikových procesov vo vybranom podniku  |b bakalárska práca  |c Lenka Opekarová ; školiteľ: Alexander Tarča 
264 1 |a Košice  |c 2020 
300 |a 48 s. 
100 1 |a Opekarová, Lenka 
700 1 |a Tarča, Alexander 
710 2 |a Podnikovohospodárska fakulta EU so sídlom v Košiciach. Katedra informačnej a jazykovej komunikácie